| 000 | 00634nmm a2200193Ia 4500 | ||
|---|---|---|---|
| 008 | 251105s9999||||xx |||||||||||||||||und|| | ||
| 020 | _a9789587410242 | ||
| 041 | _aspa | ||
| 100 | _aMoreno C., Francisco | ||
| 245 | 0 |
_aCómo escribir textos académicos según normas internacionales : _b APA, IEEE, MLA, VANCOUVER, ICONTEC |
|
| 264 |
_a[Bogotá, Colombia] : _bUniversidad del Norte, _c2010 |
||
| 300 | _a186 páginas | ||
| 650 | _aEducation | ||
| 700 | _aMoreno C., Francisco | ||
| 700 | 1 | _a Marthe Z., Norma | |
| 700 | 1 | _a Rebolledo S., Luis Alberto | |
| 856 | _uhttps://public.digitaliapublishing.com/a/9169 | ||
| 942 | _cCF | ||
| 999 |
_c69049 _d69049 |
||